Przystanki linii autobusowej 119 Warszawa - Statystyki

Ogólne statystyki
  • Ten quiz został rozwiązany 15 razy
  • Średni wynik to 32 z 46
Statystyki odpowiedzi
Ulica/Ulice NŻ? 1-kierunkowy? Przystanek (Odpowiedź) % Poprawnych
Rakowiecka Nie Nie Wiśniowa
100%
Rakowiecka, Puławska Nie Nie Rakowiecka
92%
Rakowiecka Nie Nie Rakowiecka-Sanktuarium
92%
Św. A. Boboli Nie Tak Rakowiecka-Sanktuarium
92%
Beethovena, Al. Witosa Tak Nie Beethovena
85%
Wał Miedzeszyński, Bronowska Nie Nie Bronowska
85%
Dolna, Chełmska Nie Nie Dolna
85%
Trakt Lubelski, Lucerny Nie Nie Lucerny
85%
Puławska Nie Nie Morskie Oko
85%
Aleja Dzieci Polskich Tak Tak Wiśniowa Góra
85%
Mchów Nie Nie Wiśniowa Góra
85%
Al. Witosa, Al. Becka Nie Nie Aleja Witosa
77%
Bobrowiecka Nie Nie Bobrowiecka
77%
Wał Miedzeszyński Nie Nie Kadetów
77%
Madalińśkiego Tak Tak Łowicka
77%
Al. Becka Tak Nie Małe Siekierki
77%
Al. Niepodległości Nie Nie Metro Pole Mokotowskie
77%
Al. Becka Tak Nie Siekierki-Sanktuarium
77%
Puławska Nie Nie Dworkowa
69%
Bobrowiecka Nie Nie Kierbedzia
69%
Św. A. Boboli Tak Tak Kulskiego
69%
Wał Miedzeszyński Nie Tak Most Siekierkowski
69%
Al. Becka Tak Nie Ogrody Działkowe Czerniaków
69%
Mrówcza Nie Tak PKP Międzylesie
69%
Zwoleńska Nie Nie PKP Międzylesie
69%
Batorego Nie Nie Stefana Batorego
69%
Batorego Tak Tak Św. A. Boboli
69%
Żegańska Nie Nie Wawer-Ratusz
69%
Żegańska Tak Nie Bielszowicka
62%
Żegańska Nie Nie Bursztynowa-Szpital
62%
Wał Miedzeszyński Tak Nie Kanał Nowe Ujście
62%
Bronowska, Trakt Lubelski Nie Nie Kombajnistów
62%
Wał Miedzeszyński Tak Nie Narodowa
62%
Lucerny Tak Nie Pielęgniarek
62%
Trakt Lubelski Tak Nie Trakt Lubelski-Las
62%
Bronowska Tak Nie Wodniaków
62%
Aleja Dzieci Polskich Nie Nie Centrum Zdrowia Dziecka
54%
Lucerny, Mrówcza Nie Nie PKP Anin
54%
Żegańska Nie Nie Pożaryskiego
54%
Chełmska Nie Nie Zakrzewska
54%
Trakt Lubelski Tak Nie Lebiodowa
46%
Mrówcza Tak Nie Piechurów
46%
Lucerny Tak Nie Pomiechowska
46%
Aleja Dzieci Polskich Tak Nie Trzykrotki
46%
Wał Miedzeszyński Tak Nie Wojsławicka
46%
Dolna Nie Nie Konstruktorska
38%
Nie znaleziono quizów pasujących do podanych kryteriów
Rozkład punktacji
Procent ludzi z każdym wynikiem
Percentyl według liczby udzielonych odpowiedzi
Twoja historia wyników
Nie rozwiązałeś tego quizu